Classical poems by quotations Quiz Stats

 Plays Quiz not verified by Sporcle

Score 0/20 Timer 06:00
0 Plays Today
Quote Poem Name % Correct
'All in the valley of Death rode the six hundred.'Charge of the Light Brigade
72.2%
'And distinctly I remember, it was in the bleak December'The Raven
66%
'The stockings were hung by the chimney with care, in hopes that St. Nicholas soon would be there'The Night Before Christmas
64.3%
'The woods are lovely, dark and deep. But I have promises to keep.'Stopping by Woods on a Snowy Evening
55.5%
'In what distant deeps or skies burnt the fire of thine eyes?'The Tiger
52.8%
'f you can dream - and not make dreams your master; If you can think - and not make thoughts your aim;'If
47%
'The ship had weather'd every reach, the prize we sought is won;'O Captain! My Captain!
46%
'By the shores of Gitche Gumee, by the shining Big-Sea-Water, ...'Hiawatha's Childhood
39%
'Thou still unravished bride of quietness, thou foster child of Silence and slow Time,'Ode on a Grecian Urn
36.3%
'The tide is full, the moon lies fair upon the straits; on the French coast the light gleams and is gone;'Dover Beach
28.2%
Quote Poem Name % Correct
'We are the Dead. Short days ago we lived, felt dawn, saw sunset glow, ...'In Flanders Fields
27.8%
'He was my North, my South, my East and West, my working week and my Sunday rest'Stop all the clocks
23.9%
'Wild Spirit, which art moving everywhere; Destroyer and preserver; hear, oh hear!'Ode to the West Wind
18.4%
'In the fell clutch of circumstance I have not winced nor cried aloud.'Invictus
15.9%
'And all I ask is a tall ship and a star to steer her by;'Sea Fever
10.3%
'The little toy soldier is covered with rust, and his musket molds in his hands.'Little Boy Blue
6.4%
'Laugh, and the world laughs with you; Weep, and you weep alone.'Solitude
2.9%
'The very houses seem asleep; and all that mighty heart is lying still!'Composed Upon Westminster Bridge
2.7%
'O, let my land be a land where Liberty is crowned with no false patriotic wreath'Let America be America again
2.3%
'Adieu, adieu! my native shore fades o'er the waters blue;'Childe Harold's Farewell to England
2.1%

You're not logged in!

Compare scores with friends on all Sporcle quizzes.
OR
Log In

Show Comments

Extras

Created Oct 12, 2010Editor PickedReportNominate
Tags:Poem Quiz

Top Quizzes Today


Score Distribution

Your Account Isn't Verified!

In order to create a playlist on Sporcle, you need to verify the email address you used during registration. Go to your Sporcle Settings to finish the process.

Report this User

Report this user for behavior that violates our Community Guidelines.

Details: